[Event "Tradewise Gibraltar Master 2015"]
[Site "Gibraltar ENG"]
[Date "2015.01.30"]
[Round "4.86"]
[White "Scharrer, Patrick"]
[Black "Dasaolu, Rotimi"]
[Result "0-1"]
[WhiteElo "2231"]
[BlackElo "2053"]
[PlyCount "90"]
[EventDate "2015.01.27"]
[EventType "swiss"]
[EventRounds "10"]
[EventCountry "ENG"]
[Source "lmi"]
[SourceDate "2015.01.27"]

1. e4 c5 2. Nf3 e6 3. d3 Nc6 4. g3 g6 5. Bg2 Bg7 6. O-O Nge7 7. c3 d5 8. Qe2
O-O 9. e5 d4 10. c4 Qc7 11. Bf4 b6 12. Nbd2 Bb7 13. Ne4 Rad8 14. Rfe1 Kh8 15.
Nf6 Ng8 16. Ng5 Bxf6 17. exf6 e5 18. Bxe5 Nxe5 19. Qxe5 Qxe5 20. Rxe5 Bxg2 21.
Kxg2 h6 22. Ne4 Rc8 23. Rd5 Rc6 24. Rd7 Nxf6 25. Nxf6 Rxf6 26. Rxa7 Re8 27. Kf1
Re3 28. Rd1 Kg7 29. Rd2 g5 30. a3 g4 31. Kg2 Re1 32. h3 h5 33. hxg4 hxg4 34. b4
Rh6 35. f3 Reh1 36. fxg4 R6h2+ 37. Kf3 Rxd2 38. Ke4 Re1+ 39. Kd5 Rxd3 40. bxc5
bxc5 41. Kxc5 Re5+ 42. Kd6 Rde3 43. Rb7 d3 44. Rb1 Re1 45. Rb3 Re6+ 0-1

[Event "Tradewise Gibraltar Master 2015"]
[Site "Gibraltar ENG"]
[Date "2015.01.30"]
[Round "4.87"]
[White "Hommerson, Paul"]
[Black "Gieritz, Dietmar"]
[Result "1-0"]
[WhiteElo "2229"]
[BlackElo "2048"]
[PlyCount "61"]
[EventDate "2015.01.27"]
[EventType "swiss"]
[EventRounds "10"]
[EventCountry "ENG"]
[Source "lmi"]
[SourceDate "2015.01.27"]

1. e4 e6 2. d4 d5 3. Nd2 Nf6 4. e5 Nfd7 5. Bd3 c5 6. c3 Qb6 7. Ne2 Be7 8. O-O
O-O 9. Nf3 Re8 10. Bc2 Nf8 11. Ng3 Bd7 12. Ng5 f6 13. exf6 Bxf6 14. dxc5 Qxc5
15. Qh5 g6 16. N5e4 Qe7 17. Nxf6+ Qxf6 18. Qh6 e5 19. f4 Qg7 20. fxe5 Rxe5 21.
Qxg7+ Kxg7 22. Bf4 Re8 23. Bb3 Be6 24. Rad1 Rd8 25. c4 d4 26. Be5+ Kg8 27. Bxd4
Nc6 28. Bc3 a5 29. Rxd8 Rxd8 30. Ne4 Nd4 31. Nf6+ 1-0

[Event "Tradewise Gibraltar Master 2015"]
[Site "Gibraltar ENG"]
[Date "2015.01.30"]
[Round "4.88"]
[White "Fomani, Medhi"]
[Black "Barrenechea Bahamonde, Gustavo"]
[Result "0-1"]
[WhiteElo "2033"]
[BlackElo "2223"]
[PlyCount "108"]
[EventDate "2015.01.27"]
[EventType "swiss"]
[EventRounds "10"]
[EventCountry "ENG"]
[Source "lmi"]
[SourceDate "2015.01.27"]

1. d4 c5 2. e3 Nf6 3. Nf3 g6 4. Bd3 Bg7 5. O-O O-O 6. c3 d6 7. Nbd2 b6 8. Qe2
Bb7 9. Re1 Nbd7 10. e4 Qc7 11. Nf1 c4 12. Bc2 e5 13. d5 b5 14. a3 a5 15. Ng3
Ba6 16. Bg5 h6 17. Be3 Ng4 18. Bc1 Nc5 19. h3 Nf6 20. Be3 Kh7 21. Qd2 Rae8 22.
Nh2 Bc8 23. f3 Nb3 24. Bxb3 cxb3 25. Qf2 Nd7 26. Qe2 Ba6 27. Qd2 f5 28. Bf2 f4
29. Ne2 Nb6 30. Bxb6 Qxb6+ 31. Kh1 h5 32. Nc1 a4 33. Nd3 Bc8 34. Qf2 Qc7 35.
Nb4 Bd7 36. Rac1 Bf6 37. Qe2 Rc8 38. Qf2 Rg8 39. Kg1 Qd8 40. Qa7 Ra8 41. Qb7
Rb8 42. Qa7 Rg7 43. Red1 Bh4 44. Kf1 Rb6 45. Qa5 Qb8 46. Nc6 Bxc6 47. dxc6 Rxc6
48. Rd5 Rb7 49. Rcd1 Rbb6 50. Kg1 Bd8 51. Nf1 Bc7 52. Nd2 Rb7 53. Qb4 Bb6+ 54.
Kh1 Bc5 0-1

[Event "Tradewise Gibraltar Master 2015"]
[Site "Gibraltar ENG"]
[Date "2015.01.30"]
[Round "4.89"]
[White "Nwoye, Nnamdi"]
[Black "Terron Elena, Francisco M"]
[Result "0-1"]
[WhiteElo "2015"]
[BlackElo "2218"]
[PlyCount "102"]
[EventDate "2015.01.27"]
[EventType "swiss"]
[EventRounds "10"]
[EventCountry "ENG"]
[Source "lmi"]
[SourceDate "2015.01.27"]

1. Nf3 Nf6 2. c4 g6 3. b4 a5 4. b5 Bg7 5. Bb2 d6 6. g3 O-O 7. Bg2 e5 8. d3 Nbd7
9. O-O Nc5 10. a4 e4 11. dxe4 Ncxe4 12. e3 Bg4 13. h3 Be6 14. Qe2 Qc8 15. Kh2
Re8 16. Rd1 Bd7 17. Na3 h5 18. Rdc1 Nc5 19. Qd1 Ng4+ 20. hxg4 Bxb2 21. gxh5 Bf5
22. hxg6 Bxg6 23. Nh4 Qe6 24. Ra2 Bxc1 25. Qxc1 Qf6 26. Nxg6 fxg6 27. Nb1 Kg7
28. Nc3 Nd3 29. Qa1 Rab8 30. Kg1 Kh6 31. Rd2 Ne1 32. Rd4 Nxg2 33. Kxg2 c6 34.
Qa3 c5 35. Rh4+ Kg7 36. Nd5 Qe5 37. f4 Qe4+ 38. Kh2 Qc2+ 39. Kh3 Qf5+ 40. g4
Qb1 41. Qc3+ Re5 42. Kh2 Rf8 43. Rh3 Kg8 44. g5 Qa2+ 45. Kg3 Rxg5+ 46. fxg5
Qf2+ 47. Kg4 Qe2+ 48. Kg3 Rf3+ 49. Kh4 Qf2+ 50. Kg4 Qg2+ 51. Kh4 Rxh3# 0-1

[Event "Tradewise Gibraltar Master 2015"]
[Site "Gibraltar ENG"]
[Date "2015.01.30"]
[Round "4.90"]
[White "Henderson De La Fuente, Lance"]
[Black "Perez Garcia, Alejandro"]
[Result "0-1"]
[WhiteElo "2014"]
[BlackElo "2207"]
[PlyCount "94"]
[EventDate "2015.01.27"]
[EventType "swiss"]
[EventRounds "10"]
[EventCountry "ENG"]
[Source "lmi"]
[SourceDate "2015.01.27"]

1. e4 c6 2. d4 d5 3. Nc3 dxe4 4. Nxe4 Nf6 5. Nxf6+ gxf6 6. Nf3 h5 7. c3 h4 8.
Be2 Be6 9. Bf4 Nd7 10. Qc2 Nb6 11. c4 Bh6 12. Bxh6 Rxh6 13. O-O-O Qc7 14. g3 h3
15. Kb1 O-O-O 16. Rhe1 Kb8 17. b3 Rhh8 18. Nh4 Rd7 19. Qe4 Rhd8 20. f4 f5 21.
Qe3 Na8 22. g4 Rh8 23. Nxf5 Bxf5+ 24. gxf5 Rh4 25. Rg1 Rd8 26. Rg4 Rdh8 27.
Rdg1 Rxg4 28. Rxg4 Qd6 29. Rg7 Rf8 30. Bh5 Nc7 31. Rxf7 Rxf7 32. Bxf7 Qf6 33.
Bg6 Qh4 34. Qe5 a6 35. Qe3 Qg4 36. Qxe7 Qg1+ 37. Kc2 Qxh2+ 38. Kc3 Qg3+ 39. Kb4
h2 40. Qd8+ Ka7 41. Qxc7 h1=Q 42. Kc5 Qh8 43. Qd6 Qg2 44. Qe7 Qe4 45. Qd6 b6+
46. Kb4 Qe1+ 47. Ka3 Qa5+ 0-1

[Event "Tradewise Gibraltar Master 2015"]
[Site "Gibraltar ENG"]
[Date "2015.01.30"]
[Round "4.91"]
[White "Hoffmann, Hendrik"]
[Black "Michalowski, Peter"]
[Result "1/2-1/2"]
[WhiteElo "2206"]
[BlackElo "2024"]
[PlyCount "79"]
[EventDate "2015.01.27"]
[EventType "swiss"]
[EventRounds "10"]
[EventCountry "ENG"]
[Source "lmi"]
[SourceDate "2015.01.27"]

1. e4 c5 2. Nf3 d6 3. d4 cxd4 4. Nxd4 Nf6 5. Nc3 a6 6. Bg5 e6 7. f4 Nbd7 8. Qf3
Qc7 9. O-O-O b5 10. e5 Bb7 11. Qh3 dxe5 12. Nxe6 fxe6 13. Qxe6+ Be7 14. Bxb5
axb5 15. Nxb5 Qb6 16. Nd6+ Kd8 17. fxe5 Bd5 18. Nf7+ Kc7 19. Qxb6+ Nxb6 20.
exf6 Bxf7 21. fxe7 Rxa2 22. Rd8 Re8 23. Kb1 Ra8 24. Rf1 Bg6 25. Rf8 Rc8 26. Be3
Nc4 27. Bg5 Nb6 28. b3 Kb7 29. Rfxe8 Bxe8 30. c4 Na8 31. Kb2 Nc7 32. Rd6 Bf7
33. Be3 Re8 34. Bc5 Ne6 35. Ba3 Rxe7 36. c5 Rc7 37. b4 Rc6 38. Rd7+ Rc7 39. Rd6
Rc6 40. Rd7+ 1/2-1/2

[Event "Tradewise Gibraltar Master 2015"]
[Site "Gibraltar ENG"]
[Date "2015.01.30"]
[Round "4.92"]
[White "Green, Per"]
[Black "Janev, Pavel"]
[Result "0-1"]
[WhiteElo "1996"]
[BlackElo "2196"]
[PlyCount "78"]
[EventDate "2015.01.27"]
[EventType "swiss"]
[EventRounds "10"]
[EventCountry "ENG"]
[Source "lmi"]
[SourceDate "2015.01.27"]

1. Nf3 b6 2. e4 Bb7 3. Nc3 e6 4. d4 Bb4 5. Bd3 Nf6 6. Qe2 d5 7. e5 Ne4 8. Bd2
Bxc3 9. Bxc3 c5 10. Bb5+ Kf8 11. Qe3 Nxc3 12. Qxc3 c4 13. Qa3+ Qe7 14. Qxe7+
Kxe7 15. c3 Bc6 16. Bxc6 Nxc6 17. O-O b5 18. b3 cxb3 19. axb3 a5 20. Rfc1 f6
21. exf6+ gxf6 22. Re1 Kd6 23. Re2 b4 24. cxb4 axb4 25. Rea2 Rxa2 26. Rxa2 e5
27. dxe5+ fxe5 28. Ra6 Kc5 29. Kf1 e4 30. Nd2 Kb5 31. Ra1 Nd4 32. Rb1 Ra8 33.
Ke1 Ra2 34. Kd1 Kc5 35. Rc1+ Kd6 36. Ke1 Rxd2 37. Kxd2 Nxb3+ 38. Kc2 Nxc1 39.
Kxc1 d4 0-1

[Event "Tradewise Gibraltar Master 2015"]
[Site "Gibraltar ENG"]
[Date "2015.01.30"]
[Round "4.93"]
[White "Balogun, Oluwafemi"]
[Black "Machlik, Monika"]
[Result "1/2-1/2"]
[WhiteElo "2193"]
[BlackElo "2015"]
[PlyCount "177"]
[EventDate "2015.01.27"]
[EventType "swiss"]
[EventRounds "10"]
[EventCountry "ENG"]
[Source "lmi"]
[SourceDate "2015.01.27"]

1. Nf3 Nf6 2. g3 d5 3. Bg2 c6 4. O-O Bf5 5. d3 h6 6. Nbd2 e6 7. b3 Be7 8. Bb2
O-O 9. Qe1 a5 10. e4 Bh7 11. a3 Na6 12. Qe2 Re8 13. Ne5 Rc8 14. Kh1 Nc5 15. f4
b5 16. g4 Nfd7 17. Nxd7 Qxd7 18. e5 Rf8 19. Nf3 Na6 20. Qe1 a4 21. bxa4 bxa4
22. g5 hxg5 23. Nxg5 Bf5 24. Qh4 f6 25. exf6 Bxf6 26. Be5 Qe7 27. Rf3 Bxg5 28.
fxg5 Kf7 29. Qxa4 Nc5 30. Qd4 g6 31. Bf6 Qd6 32. Be5 Qe7 33. Qf4 Nb7 34. Rb1
Ke8 35. Bf6 Qc7 36. Qb4 Nd6 37. Bh3 Rf7 38. Bxf5 Nxf5 39. Re1 Kd7 40. Be5 c5
41. Qb2 Qc6 42. Kg1 Rh7 43. Rf2 Rh4 44. Bg3 Rd4 45. Qc1 Rg4 46. Qd1 Rxg5 47.
Qd2 Rh5 48. Qf4 Rch8 49. Qg4 Rg8 50. c3 Qa6 51. Qf4 Rc8 52. Qe5 Rc6 53. Qf6 Qc8
54. Qxg6 Qe8 55. Qg4 Nxg3 56. hxg3 Rh7 57. Ref1 Ra6 58. c4 Rd6 59. cxd5 Rxd5
60. Qa4+ Ke7 61. Qf4 Rxd3 62. Qc7+ Qd7 63. Qxc5+ Qd6 64. Qg5+ Kd7 65. Qb5+ Ke7
66. Qb7+ Qd7 67. Qb8 Qd8 68. Qxd8+ Kxd8 69. Rf3 Rhd7 70. Kg2 Kc7 71. g4 R3d5
72. Rf7 Rxf7 73. Rxf7+ Kd6 74. Kg3 Ra5 75. Rf3 e5 76. Kh4 e4 77. Re3 Ke5 78.
Kg3 Ra8 79. Rb3 Kd4 80. Kf2 Rc8 81. Rg3 Rc2+ 82. Kf1 e3 83. g5 Kd3 84. g6 Rc1+
85. Kg2 Rc2+ 86. Kg1 Rc1+ 87. Kg2 Rc2+ 88. Kh3 Rc8 89. Kg2 1/2-1/2

[Event "Tradewise Gibraltar Master 2015"]
[Site "Gibraltar ENG"]
[Date "2015.01.30"]
[Round "4.94"]
[White "Veltkamp, Gerben"]
[Black "Nilsen, Martin"]
[Result "1/2-1/2"]
[WhiteElo "2175"]
[BlackElo "2011"]
[PlyCount "212"]
[EventDate "2015.01.27"]
[EventType "swiss"]
[EventRounds "10"]
[EventCountry "ENG"]
[Source "lmi"]
[SourceDate "2015.01.27"]

1. e4 e6 2. d4 d5 3. Nd2 Be7 4. Ngf3 Nf6 5. Bd3 c5 6. e5 Nfd7 7. c3 Nc6 8. O-O
O-O 9. Re1 cxd4 10. cxd4 Qb6 11. Nb3 a5 12. a4 Nb4 13. Bb5 Nb8 14. Nc5 N8c6 15.
Bg5 f6 16. exf6 Bxf6 17. Nxe6 Bxe6 18. Rxe6 Bxg5 19. Nxg5 Qxd4 20. Qxd4 Nxd4
21. Re7 Nxb5 22. axb5 h6 23. Nf3 Rf7 24. Re2 Rf4 25. Ra3 d4 26. g3 d3 27. Rxd3
Nxd3 28. gxf4 Rf8 29. Re7 Rxf4 30. Kg2 Rf7 31. Re8+ Kh7 32. b3 Rf5 33. Rd8 Nf4+
34. Kg3 Nh5+ 35. Kg2 Rxb5 36. Nd4 Rb4 37. Kf3 Kg6 38. Ke3 a4 39. bxa4 Rxa4 40.
Rd7 Ra3+ 41. Kd2 Nf6 42. Rxb7 Ra2+ 43. Ke3 Ng4+ 44. Kf4 Nxf2 45. Ne6 Nd3+ 46.
Ke3 Ra3 47. Kd4 Nf2 48. Nf8+ Kf6 49. Nh7+ Kg6 50. Nf8+ Kf6 51. Nh7+ Kf5 52.
Rxg7 Ng4 53. Nf8 Nxh2 54. Rf7+ Kg5 55. Ne6+ Kg6 56. Rf8 h5 57. Nf4+ Kg5 58.
Nxh5 Nf3+ 59. Ke4 Nd2+ 60. Kd4 Kxh5 61. Rh8+ Kg4 62. Rg8+ Kf3 63. Rf8+ Ke2 64.
Re8+ Kf2 65. Rf8+ Nf3+ 66. Kd5 Ke3 67. Re8+ Kd3 68. Rh8 Ra5+ 69. Kd6 Nd4 70.
Rh1 Nf5+ 71. Kc6 Ke4 72. Re1+ Ne3 73. Rh1 Ra6+ 74. Kc5 Ra8 75. Kd6 Nf5+ 76. Kc5
Rc8+ 77. Kb4 Nd6 78. Re1+ Kd5 79. Rd1+ Ke5 80. Re1+ Ne4 81. Rh1 Nd2 82. Kb5 Nf3
83. Kb4 Kd5 84. Rh5+ Kd4 85. Kb5 Rb8+ 86. Kc6 Ne5+ 87. Kc7 Rg8 88. Rh1 Rg7+ 89.
Kb6 Nc4+ 90. Kc6 Rg6+ 91. Kc7 Nb6 92. Rd1+ Kc5 93. Rc1+ Nc4 94. Kd7 Kd5 95.
Rd1+ Ke4 96. Re1+ Ne3 97. Ra1 Ke5 98. Re1 Rd6+ 99. Kc7 Rd3 100. Kc6 Rc3+ 101.
Kd7 Kd5 102. Rh1 Rd3 103. Rh5+ Nf5 104. Rxf5+ Ke4+ 105. Ke6 Rd6+ 106. Kxd6 Kxf5
1/2-1/2

[Event "Tradewise Gibraltar Master 2015"]
[Site "Gibraltar ENG"]
[Date "2015.01.30"]
[Round "4.95"]
[White "Odeh, Kenneth"]
[Black "Hellwig, Tobias"]
[Result "0-1"]
[WhiteElo "1982"]
[BlackElo "2172"]
[PlyCount "102"]
[EventDate "2015.01.27"]
[EventType "swiss"]
[EventRounds "10"]
[EventCountry "ENG"]
[Source "lmi"]
[SourceDate "2015.01.27"]

1. e4 Nf6 2. e5 Nd5 3. d4 d6 4. Bc4 e6 5. Nf3 Nc6 6. O-O Be7 7. Re1 O-O 8. c3
dxe5 9. dxe5 f6 10. exf6 Bxf6 11. Nbd2 Na5 12. Bf1 Nb6 13. Ne4 Qxd1 14. Rxd1 e5
15. Nxf6+ gxf6 16. Bh6 Re8 17. Bb5 c6 18. Be2 Be6 19. Nh4 Red8 20. b3 c5 21. f4
exf4 22. Bxf4 Nd5 23. Bd2 Nc6 24. Nf3 Kg7 25. Kf2 a6 26. a3 Nde7 27. c4 Nf5 28.
Bc3 Nfd4 29. Nxd4 Nxd4 30. Bxd4 cxd4 31. Rd3 Bf5 32. Rg3+ Bg6 33. Bf3 Rd7 34.
Bd5 d3 35. h4 Kh6 36. h5 Bf5 37. Rf3 Kg5 38. Rg1 Re8 39. g4 Re2+ 40. Kf1 Be4
41. Bxe4 Rxe4 42. Rf5+ Kh6 43. Rd5 Rxd5 44. cxd5 d2 45. Kf2 Kg5 46. Rd1 Rd4 47.
Kf3 Rxd5 48. Ke4 Rd6 49. h6 Kxg4 50. b4 f5+ 51. Ke5 Rd8 0-1

[Event "Tradewise Gibraltar Master 2015"]
[Site "Gibraltar ENG"]
[Date "2015.01.30"]
[Round "4.96"]
[White "Zimmermann, Rene"]
[Black "Moradi, Kimia"]
[Result "1-0"]
[WhiteElo "2172"]
[BlackElo "1984"]
[PlyCount "49"]
[EventDate "2015.01.27"]
[EventType "swiss"]
[EventRounds "10"]
[EventCountry "ENG"]
[Source "lmi"]
[SourceDate "2015.01.27"]

1. f4 d5 2. Nf3 Nf6 3. e3 e6 4. b3 Nbd7 5. Bb2 c5 6. Be2 Bd6 7. O-O O-O 8. Qe1
Qc7 9. Qg3 Re8 10. Ne5 Ne4 11. Qf3 f6 12. Nxd7 Bxd7 13. d3 e5 14. dxe4 exf4 15.
exf4 Rxe4 16. g3 Bc6 17. Nc3 Ree8 18. Bb5 d4 19. Bxc6 Qxc6 20. Qxc6 bxc6 21.
Na4 Re2 22. Rf2 Rae8 23. Ba3 Re1+ 24. Rxe1 Rxe1+ 25. Kg2 1-0

[Event "Tradewise Gibraltar Master 2015"]
[Site "Gibraltar ENG"]
[Date "2015.01.30"]
[Round "4.97"]
[White "Heer, Stephan"]
[Black "Ferreira, Oscar Luiz Vieira"]
[Result "1-0"]
[WhiteElo "2157"]
[BlackElo "1980"]
[PlyCount "79"]
[EventDate "2015.01.27"]
[EventType "swiss"]
[EventRounds "10"]
[EventCountry "ENG"]
[Source "lmi"]
[SourceDate "2015.01.27"]

1. d4 g6 2. c4 Bg7 3. Nc3 d6 4. e4 Nc6 5. Be3 e5 6. d5 Nce7 7. Qd2 f5 8. f3 Bd7
9. O-O-O a6 10. Kb1 f4 11. Bf2 Nf6 12. Bd3 O-O 13. Nge2 Nc8 14. Rc1 Kh8 15. Rc2
Qe7 16. Nc1 Rd8 17. b4 Ne8 18. Nb3 Na7 19. g3 Bh6 20. g4 Bg7 21. h4 Nf6 22. Qe2
Rdc8 23. Rhc1 Qe8 24. c5 Bf8 25. g5 Nh5 26. c6 bxc6 27. dxc6 Nxc6 28. Nd5 a5
29. b5 a4 30. Nd2 Rab8 31. Ka1 Ng3 32. Qe1 Nd4 33. Rxc7 Rxc7 34. Rxc7 Bg7 35.
b6 Bb5 36. Bxb5 Qxb5 37. Qc1 Re8 38. b7 Nge2 39. Qc4 Qxc4 40. Rxc4 1-0

[Event "Tradewise Gibraltar Master 2015"]
[Site "Gibraltar ENG"]
[Date "2015.01.30"]
[Round "4.98"]
[White "Agbabishvili, Lali"]
[Black "Elishev, Ivan"]
[Result "0-1"]
[WhiteElo "1978"]
[BlackElo "2153"]
[PlyCount "114"]
[EventDate "2015.01.27"]
[EventType "swiss"]
[EventRounds "10"]
[EventCountry "ENG"]
[Source "lmi"]
[SourceDate "2015.01.27"]

1. Nf3 g6 2. g3 Bg7 3. Bg2 e5 4. d3 d5 5. O-O Ne7 6. e4 c6 7. Nc3 O-O 8. Re1 d4
9. Na4 Nd7 10. b3 b5 11. Nb2 Nb6 12. Bd2 Qd6 13. a4 Bd7 14. a5 Nbc8 15. Qc1 c5
16. c4 a6 17. Nh4 Nc6 18. f4 f6 19. cxb5 axb5 20. Qc2 Rf7 21. Rec1 Bf8 22. Nf3
Be7 23. Nd1 N8a7 24. Nf2 Rff8 25. Bh3 Bxh3 26. Nxh3 Qe6 27. Nf2 Rfc8 28. Qd1 b4
29. fxe5 fxe5 30. Ng5 Bxg5 31. Bxg5 Nb5 32. Rxc5 Nc3 33. Qc2 Ra6 34. Rc4 Rca8
35. Nd1 Rxa5 36. Rxa5 Rxa5 37. Nxc3 dxc3 38. Kg2 Ra8 39. Be3 h5 40. h3 Ra1 41.
Bc5 Qf7 42. Qf2 Na5 43. Rxb4 Qxf2+ 44. Kxf2 c2 45. Be3 c1=Q 46. Bxc1 Rxc1 47.
Rb5 Nc6 48. Rb6 Kf7 49. b4 Rc2+ 50. Kf1 Nd4 51. h4 Rd2 52. b5 Rxd3 53. Rb7+ Kf6
54. b6 Rxg3 55. Rc7 Rb3 56. b7 g5 57. hxg5+ Kxg5 0-1

[Event "Tradewise Gibraltar Master 2015"]
[Site "Gibraltar ENG"]
[Date "2015.01.30"]
[Round "4.99"]
[White "Seyfried, Claus"]
[Black "Klyszcz, Michael"]
[Result "1-0"]
[WhiteElo "2147"]
[BlackElo "1975"]
[PlyCount "57"]
[EventDate "2015.01.27"]
[EventType "swiss"]
[EventRounds "10"]
[EventCountry "ENG"]
[Source "lmi"]
[SourceDate "2015.01.27"]

1. e4 d5 2. exd5 Qxd5 3. Nc3 Qa5 4. d4 Nf6 5. Bc4 Bf5 6. Nge2 Nbd7 7. O-O e6 8.
Be3 Ne4 9. Nxe4 Bxe4 10. Nc3 Bg6 11. d5 e5 12. a3 c6 13. d6 Qd8 14. f4 Qh4 15.
Be2 f5 16. fxe5 Nxe5 17. Bf4 Qf6 18. Kh1 O-O-O 19. Qd4 Bxd6 20. Qxa7 Bf7 21.
Na4 Bb8 22. Nb6+ Kc7 23. Qa5 Kd6 24. Rfe1 g5 25. Rad1+ Ke7 26. Qc5+ Ke8 27.
Bxe5 Bxe5 28. Bf3 Rxd1 29. Bxd1 1-0

[Event "Tradewise Gibraltar Master 2015"]
[Site "Gibraltar ENG"]
[Date "2015.01.30"]
[Round "4.100"]
[White "Adewole, Adeyinka"]
[Black "Varga, Klara"]
[Result "0-1"]
[WhiteElo "1962"]
[BlackElo "2145"]
[PlyCount "56"]
[EventDate "2015.01.27"]
[EventType "swiss"]
[EventRounds "10"]
[EventCountry "ENG"]
[Source "lmi"]
[SourceDate "2015.01.27"]

1. d4 e6 2. Nf3 Nf6 3. e3 c5 4. Bd3 b6 5. b3 Bb7 6. Bb2 cxd4 7. exd4 Be7 8. O-O
O-O 9. Nbd2 d6 10. Re1 Nbd7 11. c4 Re8 12. Rc1 Rc8 13. Ng5 h6 14. Nge4 Nxe4 15.
Nxe4 Nf6 16. Qf3 Nxe4 17. Bxe4 Bxe4 18. Qxe4 d5 19. cxd5 Rxc1 20. Rxc1 exd5 21.
Qf5 Bg5 22. f4 Bf6 23. h3 g6 24. Qd3 Re4 25. g3 Qe7 26. Kf2 Qe6 27. h4 Qh3 28.
Qf3 Qh2+ 0-1

[Event "Tradewise Gibraltar Master 2015"]
[Site "Gibraltar ENG"]
[Date "2015.01.30"]
[Round "4.101"]
[White "Tscharotschkin, Michael"]
[Black "Boyer Censore, Giuseppe Enmanu"]
[Result "1-0"]
[WhiteElo "2144"]
[BlackElo "1960"]
[PlyCount "159"]
[EventDate "2015.01.27"]
[EventType "swiss"]
[EventRounds "10"]
[EventCountry "ENG"]
[Source "lmi"]
[SourceDate "2015.01.27"]

1. e4 c5 2. c3 d5 3. exd5 Qxd5 4. d4 g6 5. Nf3 Bg7 6. Na3 cxd4 7. Bc4 Qe4+ 8.
Be3 Nh6 9. cxd4 O-O 10. Nb5 Nd7 11. Nc7 Rb8 12. Qd2 Ng4 13. Bd5 Qf5 14. Bc4 Nb6
15. Bd3 Qd7 16. Nb5 a6 17. Nc3 Nxe3 18. fxe3 Qd8 19. O-O h6 20. Rad1 Be6 21. b3
Rc8 22. Bb1 Nd5 23. Na4 Bd7 24. Nc5 Bb5 25. Bd3 Bc6 26. Rc1 Nc7 27. Rfe1 b5 28.
Qf2 Ba8 29. a4 Qd6 30. axb5 Nxb5 31. Ra1 Rc6 32. Nxa6 Rxa6 33. Bxb5 Rb6 34. Bc4
e6 35. Ra5 Rd8 36. Rea1 Bb7 37. Rf1 Qb4 38. Ra4 Qf8 39. Ra7 Rd7 40. Qg3 Re7 41.
Ne5 Qe8 42. Nd3 Bc6 43. Rxe7 Qxe7 44. Qf2 Rb8 45. Ra1 Kh7 46. Qf4 Rb7 47. Ne5
Be8 48. h4 h5 49. Nf3 Kg8 50. Ra8 Ra7 51. Qb8 Rxa8 52. Qxa8 Kh7 53. Ng5+ Kh6
54. Qe4 Qc7 55. d5 e5 56. d6 Qxd6 57. Nxf7+ Bxf7 58. Bxf7 Qd1+ 59. Kh2 Qg4 60.
Qxg4 hxg4 61. Kg3 Kh5 62. Be6 Bf6 63. Bxg4+ Kh6 64. b4 Kg7 65. b5 Bd8 66. Bc8
Bb6 67. Kf3 Kf7 68. Ke4 Kf6 69. g4 Ba7 70. Kd3 Bb6 71. Bd7 Ke7 72. Bc6 Kf7 73.
e4 Kf6 74. Kc4 Bf2 75. h5 gxh5 76. gxh5 Bd4 77. Kd5 Be3 78. Kd6 Bb6 79. Be8 Bd4
80. Bg6 1-0

[Event "Tradewise Gibraltar Master 2015"]
[Site "Gibraltar ENG"]
[Date "2015.01.30"]
[Round "4.102"]
[White "Godinho Marques, Pedro"]
[Black "Burrows, Martin P"]
[Result "1/2-1/2"]
[WhiteElo "1950"]
[BlackElo "2136"]
[PlyCount "68"]
[EventDate "2015.01.27"]
[EventType "swiss"]
[EventRounds "10"]
[EventCountry "ENG"]
[Source "lmi"]
[SourceDate "2015.01.27"]

1. c4 Nf6 2. Nc3 g6 3. e4 d6 4. d4 Bg7 5. f3 O-O 6. Bg5 a6 7. Qd2 Nbd7 8. Nh3
c5 9. d5 b5 10. cxb5 Qa5 11. Be2 Nb6 12. Nf2 axb5 13. Nxb5 Bd7 14. Nc3 Rfb8 15.
O-O Na4 16. Nxa4 Qxd2 17. Bxd2 Rxa4 18. b3 Ra3 19. Bc1 Ra7 20. Bb2 Bh6 21. Bc1
Bf8 22. Bb2 Ne8 23. g3 Nc7 24. Kg2 Bb5 25. Bxb5 Rxb5 26. Rfc1 Rba5 27. a4 Rb7
28. Bc3 Ra8 29. Rcb1 Rab8 30. Ra3 Na6 31. Nd1 Bg7 32. Bxg7 Kxg7 33. Ne3 Nb4 34.
Nc4 Ra8 1/2-1/2

[Event "Tradewise Gibraltar Master 2015"]
[Site "Gibraltar ENG"]
[Date "2015.01.30"]
[Round "4.103"]
[White "Kuhne, Detlev"]
[Black "Whatley, Stephen A J"]
[Result "0-1"]
[WhiteElo "2131"]
[BlackElo "1949"]
[PlyCount "156"]
[EventDate "2015.01.27"]
[EventType "swiss"]
[EventRounds "10"]
[EventCountry "ENG"]
[Source "lmi"]
[SourceDate "2015.01.27"]

1. d4 f5 2. Bg5 Nf6 3. Bxf6 exf6 4. e3 d5 5. c4 Be6 6. cxd5 Bxd5 7. Ne2 Nd7 8.
Nf4 Bf7 9. Bd3 c6 10. Nc3 Bd6 11. g3 g6 12. h4 Qa5 13. a3 O-O 14. O-O Qd8 15.
Qf3 Nb6 16. Rac1 Re8 17. Bb1 Nc4 18. Rc2 Qb8 19. Re1 Bxf4 20. Qxf4 Qxf4 21.
gxf4 Rad8 22. Rec1 Nb6 23. Ba2 Bxa2 24. Nxa2 Nd5 25. Nc3 Kf7 26. Na4 Re7 27.
Nc5 Rg8 28. Nd3 Rd8 29. Kg2 Rde8 30. Rd2 Nc7 31. b4 Rd8 32. Rb2 a6 33. a4 Rb8
34. Kf3 Rc8 35. b5 axb5 36. axb5 Ne8 37. Rbc2 Rec7 38. b6 Rd7 39. Nc5 Re7 40.
Ra2 Nd6 41. Ke2 Rb8 42. Kd3 Nb5 43. Rca1 Ree8 44. Ra4 Nd6 45. Rb1 Ne4 46. Nxe4
fxe4+ 47. Kc4 Ke6 48. Ra5 Red8 49. Rg1 Rd7 50. Rh1 Rd5 51. Rha1 Rdd8 52. h5 Rd5
53. hxg6 hxg6 54. Rc5 Rc8 55. Ra7 Rb8 56. Kb4 Rh5 57. Ra1 Rh2 58. Rc2 Rh5 59.
Kc3 Rd5 60. Raa2 Rc8 61. Kd2 Rb5 62. Rcb2 Rxb2+ 63. Rxb2 c5 64. Kc3 Kd5 65. Rb5
Rc6 66. Ra5 Rc8 67. Rb5 f5 68. Ra5 Kd6 69. Rb5 cxd4+ 70. Kxd4 Rc2 71. Rd5+ Kc6
72. Re5 Kxb6 73. Re6+ Rc6 74. Ke5 Rxe6+ 75. Kxe6 Kc5 76. Kf6 b5 77. Kxg6 b4 78.
Kxf5 Kd5 0-1

[Event "Tradewise Gibraltar Master 2015"]
[Site "Gibraltar ENG"]
[Date "2015.01.30"]
[Round "4.104"]
[White "Weeramantry, Sunil"]
[Black "George, Lolomari Erekosima"]
[Result "1-0"]
[WhiteElo "2127"]
[BlackElo "1857"]
[PlyCount "51"]
[EventDate "2015.01.27"]
[EventType "swiss"]
[EventRounds "10"]
[EventCountry "ENG"]
[Source "lmi"]
[SourceDate "2015.01.27"]

1. e4 c6 2. d4 d5 3. exd5 cxd5 4. Bd3 Nc6 5. c3 Nf6 6. Bf4 Bg4 7. Qb3 Qc8 8.
Nd2 e6 9. Ngf3 Be7 10. O-O Bh5 11. Ne5 O-O 12. Qc2 Bg6 13. Nxg6 hxg6 14. Rae1
Qd7 15. Nf3 Bd6 16. Bxd6 Qxd6 17. Ne5 Rfc8 18. Qd2 Nd7 19. f4 Ne7 20. Re3 Nf5
21. Rh3 Kf8 22. Qf2 Ke7 23. g4 Nh6 24. Qh4+ Kf8 25. g5 Ng8 26. Qh8 1-0

[Event "Tradewise Gibraltar Master 2015"]
[Site "Gibraltar ENG"]
[Date "2015.01.30"]
[Round "4.107"]
[White "Viana, Dirceu"]
[Black "Burke, Mitchell R"]
[Result "1/2-1/2"]
[WhiteElo "2268"]
[BlackElo "1928"]
[PlyCount "60"]
[EventDate "2015.01.27"]
[EventType "swiss"]
[EventRounds "10"]
[EventCountry "ENG"]
[Source "lmi"]
[SourceDate "2015.01.27"]

1. e4 c5 2. Nc3 g6 3. g3 Bg7 4. Bg2 Nc6 5. d3 d6 6. Nge2 e6 7. O-O Nge7 8. Bg5
O-O 9. Qd2 Rb8 10. Rab1 Nd4 11. b4 f6 12. Be3 Nxe2+ 13. Nxe2 Qc7 14. bxc5 dxc5
15. f4 b6 16. h4 Bb7 17. Nc3 Qd7 18. a4 Nc6 19. Nb5 Ba6 20. Bh3 f5 21. e5 Rfd8
22. Bg2 Nd4 23. Bxd4 cxd4 24. Rb4 Bf8 25. Rc4 Rbc8 26. Rb1 Rxc4 27. dxc4 Bc5
28. Kh2 Bb7 29. a5 Bxg2 30. Qxg2 bxa5 1/2-1/2